[Event "Pardubice Czech op-C 30th"]
[Site "Pardubice"]
[Date "2019.07.21"]
[Round "2"]
[White "Rogalski, Piotr"]
[Black "Kurth, Uwe"]
[Result "0-1"]
[WhiteElo "1724"]
[BlackElo "2021"]
[PlyCount "40"]
[EventDate "2019.07.20"]
[EventType "swiss"]
[EventRounds "9"]
[EventCountry "CZE"]
[SourceTitle "EXT 2020"]
[Source "ChessBase"]
[SourceDate "2019.10.17"]
[SourceVersion "1"]
[SourceVersionDate "2019.10.17"]
[SourceQuality "1"]

1. e4 c5 2. Nf3 d6 3. d4 cxd4 4. Nxd4 Nf6 5. Nc3 g6 6. Be3 Bg7 7. Qd2 0-0 8. f3 Nc6 9. 0-0-0 d5 10. Nxc6 bxc6 11. exd5 Nxd5 12. Nxd5 cxd5 13. Qxd5 Qc7 14. Qc4 Qe5 15. Bd4 Qf4+ 16. Kb1 Be6 17. Qb4 Rfd8 18. c3 Bf5+ 19. Bd3 Bxd3+ 20. Rxd3 e5 0-1

[Event "Chojnice op-B 2nd"]
[Site "Chojnice"]
[Date "2006.??.??"]
[Round "7"]
[White "Rogalski, Piotr"]
[Black "Czapiewski, Waldemar"]
[Result "0-1"]
[WhiteElo "1800"]
[BlackElo "1800"]
[PlyCount "54"]
[EventDate "2006.07.??"]
[EventType "swiss"]
[EventRounds "9"]
[EventCountry "POL"]
[SourceTitle "EXT 2007"]
[Source "ChessBase"]
[SourceDate "2006.11.23"]
[SourceVersion "1"]
[SourceVersionDate "2006.11.23"]
[SourceQuality "1"]

1. e4 c5 2. Nf3 d6 3. d4 cxd4 4. Nxd4 Nf6 5. Nc3 Nc6 6. Be3 a6 7. f3 g6 8. Qd2 Bg7 9. g4 Nd7 10. 0-0-0 Nde5 11. Be2 Na5 12. b3 Bd7 13. Bh6 Bxh6 14. Qxh6 Rc8 15. Qd2 Nac6 16. f4 Nxg4 17. Nxc6 Rxc6 18. Bxg4 Bxg4 19. Rde1 Qa5 20. Kb2 0-0 21. Re3 Rfc8 22. h3 Bd7 23. f5 Qe5 24. fxg6 hxg6 25. Rd1 b5 26. Qd4 Qg5 27. Rd2 e5 0-1

[Event "Chojnice op-B 2nd"]
[Site "Chojnice"]
[Date "2006.??.??"]
[Round "1"]
[White "Rogalski, Piotr"]
[Black "Stankiewicz, Pawel"]
[Result "1-0"]
[WhiteElo "1800"]
[BlackElo "1709"]
[PlyCount "53"]
[EventDate "2006.07.??"]
[EventType "swiss"]
[EventRounds "9"]
[EventCountry "POL"]
[SourceTitle "EXT 2007"]
[Source "ChessBase"]
[SourceDate "2006.11.23"]
[SourceVersion "1"]
[SourceVersionDate "2006.11.23"]
[SourceQuality "1"]

1. e4 c5 2. Nf3 d6 3. d4 cxd4 4. Nxd4 Nf6 5. Nc3 a6 6. Be3 Nc6 7. f3 e6 8. Qd2 Nxd4 9. Bxd4 Be7 10. g4 e5 11. Be3 Be6 12. g5 Nh5 13. Nd5 Bxd5 14. exd5 b5 15. 0-0-0 0-0 16. h4 Ng3 17. Rg1 Nxf1 18. Rdxf1 a5 19. h5 g6 20. Rh1 b4 21. Rfg1 Qb8 22. Qh2 Kg7 23. hxg6 Rh8 24. Qh6+ Kg8 25. gxh7+ Rxh7 26. Qxh7+ Kf8 27. Qh8# 1-0

[Event "Chojnice op"]
[Site "Chojnice"]
[Date "2005.??.??"]
[Round "1"]
[White "Rogalski, Piotr"]
[Black "Golinski, Damian"]
[Result "1-0"]
[WhiteElo "1800"]
[BlackElo "1859"]
[PlyCount "32"]
[EventDate "2005.05.27"]
[EventType "swiss"]
[EventRounds "9"]
[EventCountry "POL"]
[SourceTitle "EXT 2007"]
[Source "ChessBase"]
[SourceDate "2006.11.23"]
[SourceVersion "1"]
[SourceVersionDate "2006.11.23"]
[SourceQuality "1"]

1. e4 e5 2. Nf3 Nc6 3. Bb5 a6 4. Ba4 Nf6 5. 0-0 Bc5 6. Nxe5 Nxe5 7. d4 Qe7 8. dxc5 Qxc5 9. Be3 Qb4 10. Bb3 Qxe4 11. Bd4 d6 12. f4 Bg4 13. Qd2 0-0 14. Nc3 Qc6 15. fxe5 dxe5 16. Bxe5 Rad8 1-0

[Event "Chojnice op"]
[Site "Chojnice"]
[Date "2005.??.??"]
[Round "2"]
[White "Tadych, Anika"]
[Black "Rogalski, Piotr"]
[Result "1-0"]
[WhiteElo "1900"]
[BlackElo "1800"]
[PlyCount "71"]
[EventDate "2005.05.27"]
[EventType "swiss"]
[EventRounds "9"]
[EventCountry "POL"]
[SourceTitle "EXT 2007"]
[Source "ChessBase"]
[SourceDate "2006.11.23"]
[SourceVersion "1"]
[SourceVersionDate "2006.11.23"]
[SourceQuality "1"]

1. d4 Nf6 2. Bg5 Ne4 3. Bh4 g6 4. e3 Bg7 5. Bd3 Nf6 6. f4 d5 7. Nd2 0-0 8. Qe2 c5 9. c3 Nc6 10. Ngf3 Qb6 11. Rb1 Bg4 12. h3 Bxf3 13. Qxf3 cxd4 14. exd4 Rac8 15. Bxf6 Bxf6 16. Qxd5 Bh4+ 17. Kd1 Rfd8 18. Qb5 Qc7 19. Rf1 a6 20. Qa4 e5 21. fxe5 b5 22. Qc2 Qe7 23. Qb3 Nxe5 24. Be4 Nc4 25. Nxc4 bxc4 26. Qc2 Re8 27. Bd5 Rf8 28. Qe2 Qc7 29. Qg4 Be7 30. Kc2 Rb8 31. Rf2 Bd6 32. Rbf1 Qb6 33. Kd1 Ba3 34. Rxf7 Rxf7 35. Rxf7 Kh8 36. Qd7 1-0